000 00402nam a2200145Ia 4500
008 230711s9999||||xx |||||||||||||| ||und||
041 _aENG
082 _a620.106
_bBA-F
100 _aBansal ,R.K
245 2 _aA textbook of fluid mechanics and hydraulic machines: SI units
250 _a9th . Ed.
260 _c2008
_aNew Delhi
_bLaxmi Publications(P) Ltd
650 _aMechanical Engineering
942 _cBK
999 _c77
_d77